Academia obscura : (Record no. 5797)

MARC details
000 -LEADER
fixed length control field 02105cam a2200373Mi 4500
001 - CONTROL NUMBER
control field on1018253923
003 - CONTROL NUMBER IDENTIFIER
control field OCoLC
005 - DATE AND TIME OF LATEST TRANSACTION
control field 20200817160448.0
008 - FIXED-LENGTH DATA ELEMENTS--GENERAL INFORMATION
fixed length control field 171222t20172017enka e b 001 0 eng
020 ## - INTERNATIONAL STANDARD BOOK NUMBER
International Standard Book Number 9781783523412
020 ## - INTERNATIONAL STANDARD BOOK NUMBER
International Standard Book Number 1783523417
020 ## - INTERNATIONAL STANDARD BOOK NUMBER
International Standard Book Number 9781783523436
020 ## - INTERNATIONAL STANDARD BOOK NUMBER
International Standard Book Number 1783523433
029 0# - (OCLC)
OCLC library identifier AU@
System control number 000061361878
029 1# - (OCLC)
OCLC library identifier UNITY
System control number 140921982
035 ## - SYSTEM CONTROL NUMBER
System control number (OCoLC)1018253923
Canceled/invalid control number (OCoLC)986953672
-- (OCoLC)1002127270
040 ## - CATALOGING SOURCE
Original cataloging agency AU@
Language of cataloging eng
Description conventions rda
Transcribing agency AU@
Modifying agency OCLCF
-- OCLCO
-- MNT
-- VP@
-- YDX
-- BTCTA
-- BDX
-- NLE
-- ATNSH
-- OCL
049 ## - LOCAL HOLDINGS (OCLC)
Holding library TZAA
050 #4 - LIBRARY OF CONGRESS CALL NUMBER
Classification number LB2326
Item number .W75 2017
100 1# - MAIN ENTRY--PERSONAL NAME
Personal name Wright, Glen,
Dates associated with a name 1988-
Relator term author.
245 10 - TITLE STATEMENT
Title Academia obscura :
Remainder of title the hidden silly side of higher education /
Statement of responsibility, etc Glen Wright.
300 ## - PHYSICAL DESCRIPTION
Extent xiv, 266 pages :
Other physical details illustrations ;
Dimensions 21 cm.
504 ## - BIBLIOGRAPHY, ETC. NOTE
Bibliography, etc Includes bibliographical references and index.
520 ## - SUMMARY, ETC.
Summary, etc If you think academia is a prestigious place of serious, erudite professors, think again. Academia Obscura is a glimpse behind closed study doors -- welcome to the eccentric and slightly unhinged world of academia. Leave your tweed jacket by the door. Step inside the ivory tower and let Glen Wright guide you on a journey through the weird, wonderful and often bizarre history of academe, from the very earliest in-jokes of medieval scribes. Learn how one cat tricked some of the greatest minds into awarding it tenure, how Colonel Gaddafi co-authored a thesis and why some rats wear polyester trousers. This irreverent book filled with levitating frogs, defecating penguins and super-specific scientific research shows you the rather sillier side of scholarly life. Academics will never take themselves too seriously again. And neither will anyone else.
650 #0 - SUBJECT ADDED ENTRY--TOPICAL TERM
Topical term or geographic name as entry element Education, Higher
Form subdivision Miscellanea.
650 #0 - SUBJECT ADDED ENTRY--TOPICAL TERM
Topical term or geographic name as entry element Education, Higher
Form subdivision Humor.
650 #0 - SUBJECT ADDED ENTRY--TOPICAL TERM
Topical term or geographic name as entry element Universities and colleges
Form subdivision Miscellanea.
650 #0 - SUBJECT ADDED ENTRY--TOPICAL TERM
Topical term or geographic name as entry element Universities and colleges
Form subdivision Humor.
650 #7 - SUBJECT ADDED ENTRY--TOPICAL TERM
Topical term or geographic name as entry element Education, Higher.
Source of heading or term fast
9 (RLIN) 14932
650 #7 - SUBJECT ADDED ENTRY--TOPICAL TERM
Topical term or geographic name as entry element Universities and colleges.
Source of heading or term fast
655 #7 - INDEX TERM--GENRE/FORM
Genre/form data or focus term Humor.
Source of term fast
655 #7 - INDEX TERM--GENRE/FORM
Genre/form data or focus term Trivia and miscellanea.
Source of term fast
942 ## - ADDED ENTRY ELEMENTS (KOHA)
Source of classification or shelving scheme Library of Congress Classification
Koha item type Books
Holdings
Home library Current library Date acquired Full call number Barcode Koha item type Public note
African Court on Human and Peoples' Rights Library African Court on Human and Peoples' Rights Library 17/08/2020 LB2326 .W75 10205039 Books Donation by the International Law Book Foundation (ILBF)

African Court on Human and Peoples' Rights | For Inquiries Contact » +255 272 510 510